000 00600nam a2200217Ia 4500
003 GCL
008 140319s9999 xx 000 0 ara d
040 _aGCL /
_cGCL
082 0 4 _a400
_bر ح
100 1 _aراسم الطحان
245 1 0 _aحقيقة الاعلال والاعراب /
_cراسم الطحان
250 _aالاولى
260 _a[S.N] :
_bالمؤلف ،
_c1990
300 _a288 ص ؛
_c24 سم
650 0 4 _aالعلم
650 0 4 _aالنحو
650 0 4 _aالاشتقاق
650 0 4 _aاللغة العربية
650 0 4 _aالاعراب
942 _2ddc
_cBK
999 _c43630
_d43630